<?xml version="1.0" encoding="UTF-8"?>
<record
    xmlns:xsi="http://www.w3.org/2001/XMLSchema-instance"
    xsi:schemaLocation="http://www.loc.gov/MARC21/slim http://www.loc.gov/standards/marcxml/schema/MARC21slim.xsd"
    xmlns="http://www.loc.gov/MARC21/slim">

  <leader>01407nam a2200421 a 4500</leader>
  <controlfield tag="001">60527</controlfield>
  <controlfield tag="003">CO-BoRNBP</controlfield>
  <controlfield tag="005">20260218162917.0</controlfield>
  <controlfield tag="007">t</controlfield>
  <controlfield tag="008">171026s2016    ck a   gr     0001f spa d</controlfield>
  <datafield tag="020" ind1=" " ind2=" ">
    <subfield code="a">9789587768930</subfield>
  </datafield>
  <datafield tag="040" ind1=" " ind2=" ">
    <subfield code="a">CO-BoBLA</subfield>
    <subfield code="b">spa</subfield>
    <subfield code="d">CO-BoBLA</subfield>
    <subfield code="e">rda</subfield>
    <subfield code="c">0</subfield>
  </datafield>
  <datafield tag="041" ind1=" " ind2=" ">
    <subfield code="a">spa</subfield>
  </datafield>
  <datafield tag="043" ind1=" " ind2=" ">
    <subfield code="a">nwcu---</subfield>
  </datafield>
  <datafield tag="082" ind1="0" ind2="4">
    <subfield code="a">C863.6 </subfield>
    <subfield code="b">P37t </subfield>
    <subfield code="2">19</subfield>
  </datafield>
  <datafield tag="084" ind1=" " ind2=" ">
    <subfield code="a">N PER26</subfield>
  </datafield>
  <datafield tag="100" ind1="1" ind2=" ">
    <subfield code="a">P&#xE9;rez de la Iglesia, Janina, </subfield>
    <subfield code="d">1969-</subfield>
    <subfield code="9">65507</subfield>
  </datafield>
  <datafield tag="245" ind1="1" ind2="0">
    <subfield code="a">15 tontos para Melissa / </subfield>
    <subfield code="c">Janina P&#xE9;rez de la Iglesia ; ilustraciones de Dana SanMar.</subfield>
  </datafield>
  <datafield tag="246" ind1="3" ind2="0">
    <subfield code="a">Quince tontos para Melissa</subfield>
  </datafield>
  <datafield tag="250" ind1=" " ind2=" ">
    <subfield code="a">Editora Jael Stella G&#xF3;mez.</subfield>
  </datafield>
  <datafield tag="264" ind1=" " ind2=" ">
    <subfield code="a">Bogot&#xE1; :</subfield>
    <subfield code="b">Carvajal Soluciones Educativas,</subfield>
    <subfield code="c">2016.</subfield>
  </datafield>
  <datafield tag="300" ind1=" " ind2=" ">
    <subfield code="a">182 p&#xE1;ginas :</subfield>
    <subfield code="b">ilustraciones ;</subfield>
    <subfield code="c">20 cm.</subfield>
  </datafield>
  <datafield tag="336" ind1=" " ind2=" ">
    <subfield code="a">text</subfield>
    <subfield code="b">txt</subfield>
    <subfield code="2">rdacontent</subfield>
  </datafield>
  <datafield tag="337" ind1=" " ind2=" ">
    <subfield code="a">unmediated</subfield>
    <subfield code="b">n</subfield>
    <subfield code="2">rdamedia</subfield>
  </datafield>
  <datafield tag="338" ind1=" " ind2=" ">
    <subfield code="a">volume</subfield>
    <subfield code="b">nc</subfield>
    <subfield code="2">rdacarrier</subfield>
  </datafield>
  <datafield tag="490" ind1="1" ind2="0">
    <subfield code="a">Torre amarilla</subfield>
  </datafield>
  <datafield tag="521" ind1=" " ind2=" ">
    <subfield code="a">Recomendado a partir de 11 a&#xF1;os.</subfield>
  </datafield>
  <datafield tag="650" ind1=" " ind2="7">
    <subfield code="a">Amistad</subfield>
    <subfield code="v">Novela juvenil.</subfield>
    <subfield code="2">BLAAUTO</subfield>
    <subfield code="9">59120</subfield>
  </datafield>
  <datafield tag="650" ind1=" " ind2="7">
    <subfield code="a">Escuela</subfield>
    <subfield code="v"> Novela juvenil.</subfield>
    <subfield code="2">BLAAUTO</subfield>
    <subfield code="9">68975</subfield>
  </datafield>
  <datafield tag="650" ind1=" " ind2="7">
    <subfield code="a">Novela juvenil cubana.</subfield>
    <subfield code="2">BLAAUTO</subfield>
    <subfield code="9">63047</subfield>
  </datafield>
  <datafield tag="700" ind1="1" ind2=" ">
    <subfield code="a">G&#xF3;mez Pinilla, Jael Stella,</subfield>
    <subfield code="e">editora.</subfield>
    <subfield code="9">63038</subfield>
  </datafield>
  <datafield tag="700" ind1="1" ind2=" ">
    <subfield code="a">SanMar, Dana,</subfield>
    <subfield code="e">ilustradora.</subfield>
    <subfield code="9">68976</subfield>
  </datafield>
  <datafield tag="830" ind1=" " ind2="0">
    <subfield code="a">Programa de catalogaci&#xF3;n en la publicaci&#xF3;n</subfield>
  </datafield>
  <datafield tag="830" ind1="1" ind2="0">
    <subfield code="a">Torre amarilla</subfield>
    <subfield code="9">68977</subfield>
  </datafield>
  <datafield tag="942" ind1=" " ind2=" ">
    <subfield code="2">ddc</subfield>
    <subfield code="c">BK</subfield>
  </datafield>
  <datafield tag="949" ind1=" " ind2=" ">
    <subfield code="a">n   </subfield>
    <subfield code="b">n</subfield>
  </datafield>
  <datafield tag="960" ind1=" " ind2=" ">
    <subfield code="a">Normalizados-2025</subfield>
  </datafield>
  <datafield tag="999" ind1=" " ind2=" ">
    <subfield code="c">60527</subfield>
    <subfield code="d">60527</subfield>
  </datafield>
  <datafield tag="952" ind1=" " ind2=" ">
    <subfield code="0">0</subfield>
    <subfield code="1">0</subfield>
    <subfield code="2">lcc</subfield>
    <subfield code="4">0</subfield>
    <subfield code="7">0</subfield>
    <subfield code="8">012</subfield>
    <subfield code="a">MESJUANI</subfield>
    <subfield code="b">MESJUANI</subfield>
    <subfield code="c">LIT</subfield>
    <subfield code="d">2026-02-18</subfield>
    <subfield code="l">1</subfield>
    <subfield code="m">2</subfield>
    <subfield code="o">N PER26</subfield>
    <subfield code="p">SJU02248</subfield>
    <subfield code="q">2026-04-22</subfield>
    <subfield code="r">2026-03-11 14:35:22</subfield>
    <subfield code="s">2026-03-11</subfield>
    <subfield code="t">Ej.1</subfield>
    <subfield code="y">BKLIT</subfield>
  </datafield>
</record>
